000 00681nam a2200277Ia 4500
005 20260324114146.0
008 008 260324s9999 xx 000 0 eng d
020 _a9781003329664
037 _aEBOOK
040 _aCRL
040 _beng
040 _cCRL
041 _2eng
041 _aeng
084 _qCRL
100 _aMarcelo de Carvalho Alves; Luciana Sanches
_91149663
245 0 _aRemote Sensing and Digital Image Processing with R
260 _bTaylor and Francis
260 _c2023
365 _a
365 _b240
856 _uhttp://www.taylorfrancis.com/books/9781003329664
942 _cEBOOK
999 _c1739692
_d1739692